| 000 | 01195 a2200193 4500 | ||
|---|---|---|---|
| 003 | Nust | ||
| 005 | 20221226133841.0 | ||
| 010 | _a61000123 | ||
| 040 | _cNust | ||
| 082 | _a355,GLU | ||
| 100 |
_aGlubb, John Bagot, Sir, _9105959 |
||
| 245 |
_aWar in the desert; an R. A. F. frontier campaign / _cSir John Bagot Glubb |
||
| 260 |
_aHodder and Stoughton _bLondon, _c1960 |
||
| 300 |
_a352 p. _billus _c23 cm |
||
| 505 | _aDramatis Personae (Page-19), The Rise, Decline and Revival of the Wahhabis (Page-39), Sadoon and Suwait (Page-67), First Step in the Desert (Page-81), The Ikhwan Refugees (Page-97), Gift Hollow (Page-111), A Happy Christmas (Page-121), Winter at Abu Ghar (Page-133), Sorties in the Stony Desert (Page-155), The Year of the Tent (Page-175), Busaiya (Page-189), The Conference at Jidda (Page-207), Hors d’Oeuvre (Page-223), Couch and Hobble (Page-243), From Jumaima to the Mother of Guns (Page-259), The Day of Sibilla (Page-279), Summer Holidays (Page-297), The Tables Turned (Page-309), Unconditional Surrender (Page-327). | ||
| 600 |
_aGlubb, John Bagot, Sir, _9105959 |
||
| 650 |
_aWar in the desert; an R. A. F. frontier campaign _9105960 |
||
| 942 |
_2ddc _cBK _k355,GLU |
||
| 999 |
_c184621 _d184621 |
||